00289 a2200109 4500001000700000020000600007040001100013100004100024240005500065245005000120362000900170169047 a  cMagnum aSantos, Santa Marli Pires Dos (Org.)10aBrinquedoteca: a crianca, o adulto e o ludicolpor10aBrinquedoteca: a crianca, o adulto e o ludico0 a1899